Normal view
MARC view
Entry Nombre corporativo
001 - NÚMERO DE CONTROL
- campo de control: 67871
003 - IDENTIFICADOR DE NÚMERO DE CONTROL
- campo de control: mxcmmo
005 - FECHA Y HORA DE LA ÚLTIMA TRANSACCIÓN
- campo de control: 20241018013019.0
008 - ELEMENTOS DE DATO DE LONGITUD-FIJA
- campo de control de longitud fija: 241018|| aca||aabn | a|a d
040 ## - FUENTE DE CATALOGACIÓN
- Centro catalogador/agencia de origen: mxcmmo
- Centro/agencia transcriptor: mxcmmo
110 ## - ENCABEZAMIENTO-NOMBRE DE ENTIDAD CORPORATIVA
- Nombre de entidad corporativa o nombre de jurisdicción como elemento de entrada: Organización de las Naciones Unidas para la Agricultura y la Alimentación
- Unidad subordinada: Conferencia
- Número del congreso/reunión o número de parte o sección: (18 :
- Fecha del congreso o de la firma del tratado: 1984 :
- Sede del congreso/Lugar de la reunión: Buenos Aires, Argentina
670 ## - FUENTE DE DATOS ENCONTRADOS
- Cita de la fuente: Work cat.: (mxcmmo)36455: Organización de las Naciones Unidas para la Agricultura y la Alimentación Conferencia (18 : 1984 : Buenos Aires, Argentina autor, Report of the eighteenth FAO Regional Conference for Latin America and the Caribbean